Clubs de handball du Calvados (14) - Statistiques

Statistiques générales
  • Ce quiz a été pris 5 fois
  • Le résultat moyen est 12 sur 26
Statistiques - réponses
Numéro Club (ville) % Correct
1 Caen
100%
14 Bayeux
80%
8 Lisieux
80%
25 Vire
80%
24 Blainville-sur-Orne
60%
10 Courseulles
60%
6 Deauville
60%
13 Falaise
60%
2 Giberville
60%
18 Hérouville
60%
3 Ouistreham
60%
4 Verson
60%
5 Argences
40%
9 Colombelles
40%
11 Dives
40%
7 Honfleur
40%
21 Mezidon Canon
40%
22 Molay Littry
40%
23 Thury-Harcourt
40%
15 Troarn
40%
12 Douvres
20%
19 Pont l'Evêque
20%
17 Cormelles le Royal
0%
16 Fontaine Etoupefour
0%
26 Hieville
0%
20 Merville Franceville Plage
0%
Aucun quiz correspondant
Distribution des résultats
% des personnes avec chaque résultat
Percentile par nombre de réponses
Votre historique - résultats
Vous n’avez pas pris ce quiz